Statistics for Territories Participating in International Sporting Events

Click here to take the quiz!

General Stats

  • This quiz has been taken 543 times
  • The average score is 23 of 37

Answer Stats

Olympics CommitteeFIFA ConfederationRelated CountryNation% Correct
Asia (OCA)Asia (AFC)IsraelPalestine
94%
Asia (OCA)Asia (AFC)ChinaHong Kong
86%
N/AEurope (UEFA)United KingdomScotland
86%
N/AEurope (UEFA)United KingdomWales
86%
N/AEurope (UEFA)United KingdomNorthern Ireland
85%
N/AEurope (UEFA)United KingdomEngland
83%
Oceania (ONOC)Asia (AFC)United StatesGuam
83%
America (PASO)North America (CONCACAF)United StatesUS Virgin Islands
81%
America (PASO)North America (CONCACAF)United StatesPuerto Rico
79%
*Asia (OCA)Asia (AFC)ChinaMacau
78%
America (PASO)North America (CONCACAF)NetherlandsAruba
77%
N/AEurope (UEFA)DenmarkFaroe Islands
77%
Oceania (ONOC)Oceania (OFC)Unites StatesAmerican Samoa
74%
N/AEurope (UEFA)United KingdomGibraltar
73%
N/ANorth America (CONCACAF)NetherlandsCuraçao
71%
N/A*Africa (CAF)TanzaniaZanzibar
68%
*Oceania (ONOC)Oceania (OFC)FranceFrench Polynesia (Tahiti)
67%
America (PASO)North America (CONCACAF)United KingdomBermuda
63%
N/A*North America (CONCACAF)FranceSaint Martin
62%
N/A*North America (CONCACAF)FranceGuadeloupe
59%
N/A*North America (CONCACAF)FranceFrench Guiana
58%
*Oceania (ONOC)Oceania (OFC)FranceNew Caledonia
58%
Oceania (ONOC)Oceania (OFC)New ZealandCook Islands
57%
N/A*North America (CONCACAF)FranceMartinique
57%
N/A*Africa (CAF)FranceRéunion
56%
America (PASO)North America (CONCACAF)United KingdomCayman Islands
54%
*Oceania (ONOC)*Asia (AFC)United StatesNorthern Mariana Islands
53%
*Oceania (ONOC)*Oceania (OFC)New ZealandNiue
51%
N/A*North America (CONCACAF)NetherlandsBonaire
49%
America (PASO)North America (CONCACAF)United KingdomBritish Virgin Islands
48%
N/ANorth America (CONCACAF)United KingdomMontserrat
47%
N/ANorth America (CONCACAF)United KingdomTurks and Caicos Islands
46%
N/ANorth America (CONCACAF)United KingdomAnguilla
39%
N/A*North America (CONCACAF)NetherlandsSint Maarten
37%
*Oceania (ONOC)N/AFranceWallis and Futuna
32%
*Oceania (ONOC)N/AAustraliaNorfolk Island
28%
*Oceania (ONOC)N/ANew ZealandTokelau
27%

Score Distribution

Percentile by Number Answered

Percent of People with Each Score

Your Score History

You have not taken this quiz